ウルトラマンに登場する怪獣・宇宙人 - Statistics

General Stats
  • This quiz has been taken 9 times
  • The average score is 20 of 60
Answer Stats
放送回 サブタイトル 登場怪獣・宇宙人 % Correct
39 さらばウルトラマン ゼットン
100%
2 侵略者を撃て バルタン星人
89%
23 故郷は地球 ジャミラ
89%
ゴモラ
78%
27 怪獣殿下 後篇 ゴモラ
78%
1 ウルトラ作戦第一号 ベムラー
67%
7 バラージの青い石 アントラー
67%
8 怪獣無法地帯 レッドキング
67%
ピグモン
67%
28 人間標本5・6 ダダ
67%
ダダ上司
67%
ゼットン星人
67%
16 科特隊宇宙へ バルタン星人(二代目)
56%
30 まぼろしの雪山 ウー
56%
33 禁じられた言葉 メフィラス星人
56%
ピグモン(再生)
56%
3 科特隊出撃せよ ネロンガ
44%
22 地上破壊工作 テレスドン
44%
バルタン星人(三代目)
44%
18 遊星から来た兄弟 ザラブ星人
33%
にせウルトラマン
33%
19 悪魔はふたたび バニラ
33%
24 海底科学基地 グビラ
33%
ドラコ
33%
レッドキング(二代目)
33%
ザラブ星人(二代目)
33%
34 空の贈り物 スカイドン
33%
35 怪獣墓場 シーボーズ
33%
37 小さな英雄 ジェロニモン
33%
ドラコ(再生)
33%
5 ミロガンダの秘密 グリーンモンス
22%
10 謎の恐竜基地 ジラース
22%
13 オイルSOS ペスター
22%
15 恐怖の宇宙線 ガヴァドン
22%
17 無限へのパスポート ブルトン
22%
アボラス
22%
20 恐怖のルート87 ヒドラ
22%
21 噴煙突破せよ ケムラー
22%
地底人
22%
31 来たのは誰だ ケロニア
22%
36 射つな! アラシ ザラガス
22%
38 宇宙船救助命令 キーラ
22%
サイゴ
22%
4 大爆発五秒前 ラゴン
11%
6 沿岸警備命令 ゲスラ
11%
チャンドラー
11%
マグラー
11%
スフラン
11%
11 宇宙から来た暴れん坊 ギャンゴ
11%
12 ミイラの叫び ドドンゴ
11%
25 怪彗星ツイフォン ギガス
11%
ケムール人(二代目)
11%
巨大フジ隊員
11%
テレスドン(再生)
11%
9 電光石火作戦 ガボラ
11%
ミイラ人間
0%
14 真珠貝防衛指令 ガマクジラ
0%
29 地底への挑戦 ゴルドン
0%
32 果てしなき逆襲 ザンボラー
0%
26 怪獣殿下 前篇 スフランII
0%
No matching quizzes found
Score Distribution
Percent of People with Each Score
Percentile by Number Answered
Your Score History
You have not taken this quiz